Geography : D - Statistics

General Stats
  • This quiz has been taken 29 times
    4 since last reset
  • The average score is 34 of 190
Answer Stats
Hint Answer % Correct
Second largest city in Texas Dallas
100%
Capital of Syria Damascus
100%
Second longest river system in Europe Danube
100%
State east of Maryland Delaware
100%
Country which occupies most of Jutland Denmark
100%
Capital of Qatar Doha
100%
Island nation in the Caribbean Dominica
100%
Country that shares a border with Haiti Dominican Republic
100%
Largest city in the United Arab Emirates Dubai
100%
Capital of Ireland Dublin
100%
Capital of Senegal Dakar
75%
Indigenous people in the US/name of two states Dakota
75%
Extremely salty and low lying sea between Israel and Jordan Dead
75%
Largest city in India Delhi
75%
Capital and largest city in Colorado Denver
75%
Large and dangerous city in Michigan Detroit
75%
German name for Germany Deutschland
75%
Country on the Horn of Africa Djibouti
75%
Longest central river in Ukraine Dnieper
75%
Capital of that state/town in England Dover
75%
Capital of Tajikistan Dushanbe
75%
Large city in the Ruhr #3 Dusseldorf
75%
City in southwestern Ohio Dayton
50%
Hottest recorded place on earth Death Valley
50%
Country to the west of Uganda Democratic Republic of the Congo
50%
Tallest mountain in North America Denali
50%
Another name for Londonderry Derry
50%
Capital and largest city in Iowa Des Moines
50%
Capital of Bangladesh Dhaka
50%
Capital of East Timor Dili
50%
Capital of Tanzania Dodoma
50%
River in southern Russia Don
50%
River in eastern Ukraine Donets
50%
Large city in eastern Ukraine/independence seeking region around that city Donetsk
50%
Croatian tourist city in that region Dubrovnik
50%
City in eastern Scotland Dundee
50%
City northwest of Raleigh Durham
50%
Language spoken in the Netherlands Dutch
50%
Old name for this city Dacca
25%
Metropolis in southeastern South Korea Daegu
25%
Large city in central South Korea Daejeon
25%
City in western Yunnan Dali
25%
Second largest city in Liaoning Dalian
25%
Croatian region along the Adriatic Sea Dalmatia
25%
Large coastal city in eastern Saudi Arabia Dammam
25%
German name for Gdansk Danzig
25%
Largest city in Tanzania Dar Es Salaam
25%
Largest city in the Northern Territory Darwin
25%
City on the eastern coast of Florida Daytona Beach
25%
City in eastern Hungary Debrecen
25%
Mountain range in the Balkans Dinaric
25%
Large city in central Ukraine Dnipro
25%
Former name of the city Dnipropetrovsk
25%
Large metropolitan city in the Pearl River Delta Dongguan
25%
Large city in the Ruhr #1 Dortmund
25%
Largest city in Cameroon Douala
25%
River separating Croatia from Hungary Drava
25%
Largest city in Saxony that was bombed to ruins Dresden
25%
City in eastern Iowa Dubuque
25%
Minnesotan city on the shores of Lake Superior Duluth
25%
City in South Island Dunedin
25%
French port city where British troops were evacuated in World War Two Dunkirk
25%
City across the river from Guayaquil Duran
25%
State and city in western Mexico Durango
25%
Largest city in KwaZulu-Natal Durban
25%
City next to Bhilai Durg
25%
City in western Azad Kashmir Dadyal
0%
Large region in the Caucasus Dagestan
0%
Philippine city next to Lingayen Gulf Dagupan
0%
Coastal town on the Sinai Peninsula Dahab
0%
Another name for this city Dahuk
0%
Second largest city in Western Sahara Dakhla
0%
Mountain city in southern Vietnam Dalat
0%
City paired with the town above Daman
0%
Capital of Beheira Governorate Damanhour
0%
Tallest mountain in Iran Damavand
0%
Branch of the Nile and city where it terminates in Damietta
0%
Coastal city in central Vietnam Da Nang
0%
Southeastern suburb of Melbourne Dandenong
0%
City on the border with North Korea Dandong
0%
Another name for this city Dantsig
0%
City northwest of Harbin Daqing
0%
City on Syria's border with Jordan Daraa
0%
Strait between Canakkale and Gallipoli Dardanelles
0%
Remote jungle park between Colombia and Panama Darien
0%
Mountain town near Sikkim Darjeeling
0%
City in northern Mongolia Darkhan
0%
Longest river in Australia Darling
0%
City south of Frankfurt Darmstadt
0%
City in northern Turkmenistan Dashoguz
0%
City in Hokkaido Date
0%
City in northern Shanxi Datong
0%
River flowing through Latvia, Belarus and Russia Daugava
0%
City in the southeast of Latvia Daugavpils
0%
Largest city in Mindanao Davao
0%
Iowan city on the border with Illinois Davenport
0%
City in western Panama David
0%
City in southern Myanmar Dawei
0%
City northeast of Addis Ababa Debre Birhan
0%
City northwest of Addis Ababa Debre Markos
0%
City in northern Alabama Decatur
0%
Peninsula and plateau in Southern India Deccan
0%
Largest city in Uttarakhand Dehradun
0%
City in eastern Syria Deir-ez-Zor
0%
Satellite city of The Hague Delft
0%
City southeast of Chihuahua Delicias
0%
City across the river from Ciudad Acuna Del Rio
0%
Official name for North Korea Democratic People's Republic of Korea
0%
City in southwestern Turkey Denizli
0%
Capital of Bali Denpasar
0%
City in the metropolitan area of the city above Denton
0%
City in northern Jharkhand Deoghar
0%
City in the far east of Uttar Pradesh Deoria
0%
Southern suburb of Jakarta Depok
0%
City in central Pakistan Dera Ghazi Khan
0%
City in western Pakistan Dera Ismail Khan
0%
Second largest city in the region Derbent
0%
City in England/Remote town in Western Australia Derby
0%
Libyan coastal city Derna
0%
City in Amhara Dese
0%
City in Saxony-Anhalt Dessau-Rosslau
0%
Another name for this city Dessie
0%
Romanian city in Transylvania Deva
0%
City in the eastern Netherlands Deventer
0%
City on the north coast of Tasmania Devonport
0%
City in northern Khuzestan Dezful
0%
Satellite city of the above city Dhahran
0%
City to the south of Sana'a Dhamar
0%
City in eastern Jharkhand Dhanbad
0%
City in southeastern Nepal Dharan
0%
City in northern Maharashtra Dhule
0%
City in eastern Assam Dibrugarh
0%
Town in northern Luxembourg Diekirch
0%
Major city in eastern France Dijon
0%
City in Nagaland Dimapur
0%
Large city in eastern Ethiopia Dire Dawa
0%
Where the capital of the US is situated District of Columbia
0%
Federalized regions in Mexico and Brazil Distrito Federal
0%
Coastal town in the south of the Kathiawar Peninsula Diu
0%
City in southern Iraq Diwaniya
0%
Large city in southeastern Turkey Diyarbakir
0%
City in southeastern Algeria Djanet
0%
City in northern Algeria Djelfa
0%
Lake in Tunisia Djerid
0%
City in northern Benin Djougou
0%
Another name for this river Dniester
0%
Former name of Kamianske Dniprodzerzhynsk
0%
River separating Moldova from Transnistria Dnister
0%
City in northern Bosnia and Herzegovina Doboj
0%
Largest Bulgarian city in that region Dobrich
0%
Region historically claimed by both Romania and Bulgaria Dobruja
0%
Group of islands in Greece Dodecanese
0%
Island east of South Korea that is disputed with Japan Dokdo
0%
Another city close by Dole
0%
City between Brazzaville and Pointe-Noire Dolisie
0%
Island off the coast of Papua Dolok
0%
Town in eastern Argentina Dolores
0%
Tumultuous region of eastern Ukraine Donbass
0%
Northern county and town in Ireland Donegal
0%
City in western Hainan Dongfang
0%
Another city close by Donggang
0%
Another city in central Vietnam Dong Ha
0%
City in northern Sudan Dongola
0%
City on the Yellow River Delta Dongying
0%
Coastal city in the Basque Donostia
0%
Satellite city of Rotterdam Dordrecht
0%
City in southern Niger Dosso
0%
City south of Lille Douai
0%
City in southern Mato Grosso do Sul Dourados
0%
Mountain range in Lesotho and South Africa Drakensberg
0%
Greek city in Thrace Drama
0%
City to the southwest of Oslo Drammen
0%
Region in the eastern Netherlands Drenthe
0%
Romanian city on the border with Serbia Drobeta
0%
City between the capital of Ireland and the city above Drogheda
0%
Another name for this city Dubayy
0%
City in central New South Wales Dubbo
0%
City in northern Iraq Duhok
0%
Large city in the Ruhr #2 Duisburg
0%
City in southern Negros Dumaguete
0%
Coastal city in Riau Dumai
0%
City in southern Scotland Dumfries
0%
City north of the capital of Ireland and near the Northern Irish border Dundalk
0%
Another name for this city Dunkerque
0%
Town in eastern Oman Duqm
0%
City in western Bengal Durgapur
0%
Largest coastal city in Albania Durres
0%
City in northwestern Turkey Duzce
0%
City just west of Nizhny Novgorod Dzerzhinsk
0%
Language spoken in Bhutan Dzongkha
0%
No matching quizzes found
Score Distribution
Percent of People with Each Score
Percentile by Number Answered
Your Score History
You have not taken this quiz since the last reset